| 000 | 01456nam a2200421Ii 4500 | ||
|---|---|---|---|
| 001 | DIGEDIUOC066 | ||
| 003 | NyNyDIG | ||
| 006 | m o d | ||
| 007 | cr ||||||||||| | ||
| 008 | 131201s2008 sp ob 000 0 spa d | ||
| 020 |
_a9788490295656 _q(eBook) |
||
| 020 | _z8497887336 | ||
| 020 | _z9788497887335 | ||
| 035 | _a(OCoLC)847574882 | ||
| 040 |
_aDGITA _beng _epn _cDGITA |
||
| 050 | 1 | 4 | _aPN4756 eBook |
| 100 | 1 |
_aBurgueño, José Manuel, _d1965- |
|
| 245 | 1 | 3 |
_aLa invención en el periodismo informativo / _cJosé Manuel Burgueño. |
| 250 | _a1. ed. en lengua castellana | ||
| 264 | 1 |
_aBarcelona : _bEditorial UOC, _c2008. |
|
| 300 | _a1 online resource (318 pages) | ||
| 336 |
_atext _btxt _2rdacontent |
||
| 337 |
_acomputer _bc _2rdamedia |
||
| 338 |
_aonline resource _bcr _2rdacarrier |
||
| 490 | 1 |
_aUOCPress. Comunicación ; _v2 |
|
| 504 | _aIncludes bibliographical references (p. 287-318). | ||
| 650 | 0 | _aJournalistic ethics. | |
| 650 | 0 |
_aJournalism _xObjectivity. |
|
| 650 | 0 |
_aMass media _xMoral and ethical aspects. |
|
| 650 | 0 | _aSensationalism in journalism. | |
| 655 | 0 | _aElectronic books. | |
| 791 | 2 |
_aDigitalia (Firm), _edistributor. |
|
| 830 | 0 |
_aUOCPress. _pComunicación ; _v2. |
|
| 793 | 0 |
_gDigitalia eBook Collection: _aUniversitat Oberta de Catalunya. |
|
| 856 | 4 | 0 |
_3Digitalia Hispánica _uhttps://www.digitaliapublishing.com/a/20301/ |
| 910 | _aPremium Collection: 2007-2012 | ||
| 942 | _cRAA | ||
| 999 |
_c236857 _d236857 |
||